Störfall, Unfall, Super-GAU? Zum babylonischen Sprachengewirr im Atomdiskurs
Na minha lista:
| Autor principal: | |
|---|---|
| Formato: | Capítulo de Livro |
| Idioma: | alemão |
| Tags: |
Sem tags, seja o primeiro a adicionar uma tag!
|
MARC
| LEADER | 00000naa$a2200000$$$4500 | ||
|---|---|---|---|
| 001 | 0225194 | ||
| 005 | 20240502083601.2 | ||
| 041 | 0 | |a ger | |
| 044 | |a DE | ||
| 245 | 1 | 0 | |a Störfall, Unfall, Super-GAU? Zum babylonischen Sprachengewirr im Atomdiskurs |c Soňa Téreková |
| 100 | 1 | |a Téreková, Soňa, 1981- | |